000 00497nmm a2200169Ia 4500
008 251105s9999||||xx |||||||||||||||||und||
020 _a9789681673574
041 _aspa
100 _aNovo, Salvador
245 0 _aLos paseos de la ciudad de México
264 _a[México D.C., Mexico] :
_bFondo de Cultura Económica,
_c2012
300 _a105 páginas
490 _aCentzontle
650 _aLatin American narrative
856 _uhttps://public.digitaliapublishing.com/a/64775
942 _cCF
999 _c96984
_d96984